Tribhuvan University Central Library

Ground water (Record no. 32439)

MARC details
000 -LEADER
fixed length control field 006330000a22002770004500
082 ## - DEWEY DECIMAL CLASSIFICATION NUMBER
Classification number 553.79
Item number R126g
-- T
020 ## - INTERNATIONAL STANDARD BOOK NUMBER
International Standard Book Number 0-85226-298-1
041 ## - LANGUAGE CODE
Language code of text/sound track or separate title Eng
100 ## - MAIN ENTRY--PERSONAL NAME
Personal name Raghunath, H. M.
245 ## - TITLE STATEMENT
Title Ground water
250 ## - EDITION STATEMENT
Edition statement 2nd edn.
260 ## - PUBLICATION, DISTRIBUTION, ETC. (IMPRINT)
Place of publication, distribution, etc New Delhi
Name of publisher, distributor, etc New Age International, India
260 ## - PUBLICATION, DISTRIBUTION, ETC. (IMPRINT)
Date of publication, distribution, etc 1987
300 ## - PHYSICAL DESCRIPTION
Extent 563p.
Other physical details illus.
518 ## - DATE/TIME AND PLACE OF AN EVENT NOTE
Date/time and place of an event note 20041129
530 ## - ADDITIONAL PHYSICAL FORM AVAILABLE NOTE
Additional physical form available note M
500 ## - GENERAL NOTE
General note Bibliography: p.557-559
650 ## - SUBJECT ADDED ENTRY--TOPICAL TERM
Topical term or geographic name as entry element Water
650 ## - SUBJECT ADDED ENTRY--TOPICAL TERM
Topical term or geographic name as entry element Groundwater
650 ## - SUBJECT ADDED ENTRY--TOPICAL TERM
Topical term or geographic name as entry element Hydrometeorology
650 ## - SUBJECT ADDED ENTRY--TOPICAL TERM
Topical term or geographic name as entry element Hydrology
650 ## - SUBJECT ADDED ENTRY--TOPICAL TERM
Topical term or geographic name as entry element Wells
650 ## - SUBJECT ADDED ENTRY--TOPICAL TERM
Topical term or geographic name as entry element Well driling
650 ## - SUBJECT ADDED ENTRY--TOPICAL TERM
Topical term or geographic name as entry element Groundwater pollution
942 ## - ADDED ENTRY ELEMENTS (KOHA)
Koha item type General Collections
Holdings
Withdrawn status Lost status Damaged status Not for loan Home library Current library Date acquired Total Checkouts Total Renewals Barcode Date last seen Date checked out Price effective from Koha item type Source of classification or shelving scheme Full call number Shelving location
        Tribhuvan University Central Library Tribhuvan University Central Library 06/20/2010 3 1 126319 08/22/2025 08/06/2025 06/20/2010 General Collections      
        Tribhuvan University Central Library Tribhuvan University Central Library 06/20/2010     126320 06/20/2010   06/20/2010        
        Tribhuvan University Central Library Tribhuvan University Central Library 06/30/2014 10 13 140934 01/02/2023 07/15/2022 06/30/2014 General Collections Dewey Decimal Classification 551. 49 R126g  
        Tribhuvan University Central Library Tribhuvan University Central Library 06/30/2014 11 16 140935 07/10/2025 06/23/2025 06/30/2014 General Collections Dewey Decimal Classification 551. 49/R126g New Building